Romances populares y vulgares recogidos de la tradición oral chilena
Gardado en:
| Autor Principal: | |
|---|---|
| Formato: | Libro |
| Idioma: | Lingua castelá |
| Publicado: |
Santiago
Ediciones Tácitas Limitada
2013
|
| Edición: | 2a. ed |
| Series: | Colección Vox Populi
|
| Subjects: | |
| Tags: |
Engadir etiqueta
Sen Etiquetas, Sexa o primeiro en etiquetar este rexistro!
|
MARC
| LEADER | 00000cam a2200000 a 4500 | ||
|---|---|---|---|
| 001 | UCF9430 | ||
| 003 | CL-VaPUC | ||
| 008 | 131125e20130000cl |||||||||||||||||spa|d | ||
| 020 | |a 9789568268602 | ||
| 082 | 0 | 4 | |a Ch861 |b VIC |2 21 |
| 100 | 0 | |a Vicuña Cifuentes, Julio |e author |9 390304 | |
| 245 | 1 | 0 | |a Romances populares y vulgares recogidos de la tradición oral chilena |
| 250 | |a 2a. ed | ||
| 300 | |a 488 p | ||
| 942 | |c BK | ||
| 945 | |d 20131125 03:22:00 |a dcastane | ||
| 260 | |a Santiago |b Ediciones Tácitas Limitada |c 2013 | ||
| 650 | 0 | |a Poesías chilenas |9 265280 | |
| 650 | 7 | |a ROMANCES |2 CL-VaPUC |9 571730 | |
| 650 | 0 | |a Crítica e interpretación |9 255042 | |
| 650 | 0 | |a Costumbres y tradiciones |9 268292 | |
| 650 | 0 | |a Tradición oral |9 321175 | |
| 583 | |a last modification |c 20131126 08:28:23 |k Rodrigo Vera | ||
| 490 | 0 | |a Colección Vox Populi | |
| 999 | |c 353874 |d 353872 | ||
| 952 | |0 0 |1 0 |3 erb |4 0 |6 CH_861_000000000000000_VIC_2013 |7 0 |8 A |9 459310 |a BIBART |b BIBART |i 5027721 |o Ch861 VIC 2013 |p 5027721 |r 2025-03-13 |w 2019-11-23 |y BK |z Catalogado en:20131125 |k ART | ||
| 952 | |0 0 |1 0 |3 erb |4 0 |6 CH_861_000000000000000_VIC_2013 |7 0 |8 R |9 459311 |a BIBEDU |b BIBEDU |c MCIRC |i 5075343 |o Ch861 VIC 2013 |p 5075343 |r 2023-01-13 |w 2019-11-23 |y BK_R |z Catalogado en:20140526 |k LIT | ||
| 952 | |0 0 |1 0 |3 erb |4 0 |6 CH_861_000000000000000_VIC_2013 |7 0 |8 A |9 459312 |a BIBART |b BIBART |i 5114829 |o Ch861 VIC 2013 |p 5114829 |r 2025-03-13 |w 2019-11-23 |y BK |z Catalogado en:20140925 |k ART | ||